Statistiken für Potenzrechnen: mittel

Klicken Sie hier um das Quiz zu spielen!

Allgemein

  • Dieses Quiz wurde 204 mal gespielt
  • Das Durchschnittsergebnis liegt bei 9 aus 10

Antwortstatistiken

ZahlErgebnis% Korrekt
0
100%
0
100%
4⁰1
100%
1⁰1
100%
10⁰1
100%
1
100%
2⁰1
100%
5⁰1
100%
3⁰1
100%
7⁰1
100%
10²100
100%
2⁷128
100%
2⁴16
100%
16
100%
25
100%
27
100%
3
100%
36
100%
4
100%
49
100%
5
100%
6
100%
64
100%
7
100%
8
100%
81
100%
9
100%
9⁰1
97%
10⁴10000
96%
6⁰1
95%
1
95%
125
95%
2
95%
2⁵32
95%
8⁰1
94%
10¹10
94%
4
94%
5⁴625
94%
9
94%
2⁸256
93%
10³1000
92%
1
91%
8
91%
3⁴81
91%
0
89%
7⁴2401
89%
2¹²4096
89%
512
89%
2⁶64
89%
4⁴256
88%
2⁹512
88%
64
88%
3⁵243
86%
2¹¹2048
83%
216
82%
8⁴4096
82%
3⁶729
82%
2¹⁰1024
80%
6⁴1296
76%
5⁵3125
76%
9⁴6561
73%
729
73%
4⁵1024
69%
343
63%
3⁷2187
61%
5⁶15625
60%
4⁶4096
56%
3⁸6561
45%

Verteilung der Resultate

Perzentil nach korrekt beantworteten Fragen

Anzahl Personen mit jedem Resultat

Ihre Resultats-Entwicklung

Sie haben dieses Quiz noch nicht gespielt